Recognize the 20 most spoken languages - Statistics

General Stats
  • This quiz has been taken 161 times
  • The average score is 13 of 19
Answer Stats
Hint Answer % Correct
私のホバークラフトは鰻でいっぱいです Japanese
96%
Mi aerodeslizador está lleno de anguilas Spanish
95%
Моё судно на воздушной подушке полно угрей Russian
93%
Mein Luftkissenfahrzeug ist voller Aale German
92%
Mon aéroglisseur est plein d'anguilles French
91%
我的氣墊船裝滿了鱔魚 Mandarin
91%
حَوّامتي مُمْتِلئة بِأَنْقَلَيْسون Arabic
90%
O meu hovercraft está cheio de enguias Portuguese
88%
내 호버크라프트는 장어로 가득 차 있어요 Korean
87%
هاورکرافت من پر مارماهى است Farsi
75%
मेरी मँडराने वाली नाव सर्पमीनों से भरी हैं Hindi
64%
Kapal katung saya penuh dengan belut Indonesian/Malay
54%
Hoverkraftım yılan balığı dolu Turkish
52%
আমার হভারক্রাফ্ট কুঁচে মাছ-এ ভরা হয়ে গেছে Bengali
51%
என் மிதவை நிறைய விலாங்கு மீன்கள் Tamil
38%
Gari langu linaloangama limejaa na mikunga Swahili
35%
నా విమానము అంతా మలుగు చేపలతో నిండిపోయింది Telugu
31%
ਮੇਰਾ ਹਵਰਕ੍ਰਾਫ਼ਤ ਨਾਂਗਾਂ ਨਾਲ਼ ਭਰਿਆ ਪਿਆ। Punjabi
30%
Hoverkrafku arek wélute Javanese
8%
No matching quizzes found
Score Distribution
Percent of People with Each Score
Percentile by Number Answered
Your Score History
You have not taken this quiz